000 00784nam a2200205 a 4500
001 000039302
005 20201002031603.0
008 130621s2012 pr 000 0 spa d
020 _a9789945455847
040 _aDO-SdBNP
_bspa
_cBNPHU
100 1 _aRivera Colón, Irma
_965496
245 1 3 _aLa huella de Palés :
_bsu presencia en las voces de Luis Rafael Sánchez, Yván Silén, Mayra Santos Febres y Ana Lydia Vega /
_cIrma Rivera Colón.
260 _aSan Juan, Puerto Rico :
_bIsla Negra,
_c2012.
300 _a222 p. ;
_c23 cm.
490 1 _aVisiones y Cegueras
500 _aIncluye datos biográficos de la autora en la solapa de la cubierta
500 _aIncluye notas al pie de las páginas
504 _aBibliografía : p. 211-222
830 0 _aVisiones y Cegueras
_91120
999 _c38792
_d38792